| Tag |
First Indicator |
Second Indicator |
Subfields |
| LEADER |
00000cam a2200000 a 4500 |
| 001 |
in00000072844 |
| 005 |
20151008054639.0 |
| 008 |
820125s1981 enkacf b 00010 eng d |
| 010 |
|
|
|a 80041066
|
| 020 |
|
|
|a 0198545487
|
| 035 |
|
|
|a (OCoLC)08089771
|
| 035 |
|
|
|9 AAJ1266AM
|
| 040 |
|
|
|a DLM
|c DLM
|d TXA
|d UtOrBLW
|
| 049 |
|
|
|a TXAM
|c [387478]
|
| 090 |
|
|
|a QK45
|b .C557
|
| 100 |
1 |
|
|a Church, Arthur Harry.
|
| 245 |
1 |
0 |
|a Revolutionary botany :
|b 'Thalassiophyta' and other essays of A.H. Church /
|c edited by D.J. Mabberley with a 'Recollection' by E.J.H. Corner.
|
| 264 |
|
1 |
|a Oxford [Oxfordshire] :
|b Clarendon Press,
|c 1981.
|
| 300 |
|
|
|a xii, 256 pages, 28 unnumbered pages of plates :
|b illustrations, portrait ;
|c 24 cm.
|
| 336 |
|
|
|a text
|b txt
|2 rdacontent
|
| 337 |
|
|
|a unmediated
|b n
|2 rdamedia
|
| 338 |
|
|
|a volume
|b nc
|2 rdacarrier
|
| 490 |
1 |
|
|a Oxford science publications
|
| 504 |
|
|
|a Includes bibliographical references.
|
| 650 |
|
0 |
|a Botany.
|
| 700 |
1 |
|
|a Mabberley, D. J.
|
| 830 |
|
0 |
|a Oxford science publications.
|
| 999 |
|
|
|a MARS
|
| 999 |
f |
f |
|s 4d3dae0d-c9bc-388b-a2ec-d6a7084804c6
|i f504bd8b-4ce4-3fd1-a7ba-11c326f8c678
|t 0
|
| 952 |
f |
f |
|p ric
|a Texas A&M University
|b Rellis Campus
|c Joint Library Facility
|d Remote Storage
|t 0
|e QK45 .C557
|h Library of Congress classification
|i unmediated -- volume
|m A14806218470
|
| 998 |
f |
f |
|a QK45 .C557
|t 0
|l Remote Storage
|